Sophismata

שמור ב:
מידע ביבליוגרפי
מחבר ראשי: Buridanus, Johannes (Author)
פורמט: ספר
שפה:לטינית
יצא לאור: Stuttgart Friedrich Frommann 1977
נושאים:
תגים: הוספת תג
אין תגיות, היה/י הראשונ/ה לתייג את הרשומה!

MARC

LEADER 00000nam a2200000 a 4500
001 UCU0696
003 CL-VaPUC
008 960327e19770000GW |||||||||||||||||lat|d
082 0 4 |a 189.4  |b BUR  |2 21 
100 0 |a Buridanus, Johannes  |e author  |9 356087 
245 1 0 |a Sophismata 
300 |a 168 p 
942 |c BK 
945 |d 19960327 00:00:00  |a rbrito 
260 |a Stuttgart  |b Friedrich Frommann  |c 1977 
650 0 |a Escolástica  |9 345541 
650 0 |a Filosofía medieval  |9 256245 
650 0 |a Dialéctica  |9 257902 
583 |a last modification  |c 19960327 00:00:00  |k Rodrigo Vera 
999 |c 245529  |d 245527 
952 |0 0  |1 0  |4 0  |6 189_400000000000000_BUR_1977  |7 0  |8 P  |9 260055  |a BIBEDU  |b BIBEDU  |c BIBEDU_PB  |d 2019-11-19  |i 3186008  |l 1  |o 189.4 BUR 1977  |p 3186008  |r 2023-12-22  |s 2023-07-31  |w 2019-11-19  |y BK  |k FIL